|
|
|
|
| LEADER |
00000nab a2200000 a 4500 |
| 001 |
vtls000717085 |
| 003 |
SK-MaSNL |
| 005 |
20260317064558.0 |
| 008 |
250429c2000 xo 0 slo |
| 015 |
|
|
|a SNBRB2000/03-08956
|
| 035 |
|
|
|a CLN000069252
|
| 035 |
|
|
|a urn:nbn:sk:snk-ab7bp3
|
| 035 |
|
|
|a (uuid)fab71f69-6481-4b04-8702-fa16ce718ce8
|
| 035 |
|
|
|a (urnnbn)urn:nbn:sk:snk:ar-a07hv0
|
| 035 |
|
|
|a (sysno)vtls000717085
|
| 040 |
|
|
|a SNKBUCL
|b slo
|c SNKBUCL
|e AACR2
|
| 041 |
0 |
|
|a slo
|
| 044 |
|
|
|a xo
|c SK
|
| 080 |
|
|
|a 77.04-051
|2 1997
|
| 080 |
|
|
|a 929 Demuth, Karol
|2 1997
|
| 100 |
1 |
|
|a (msa)
|4 aut
|9 1156856
|
| 245 |
1 |
0 |
|a "Láska na prvý pohľad"
|b predstavujeme osobnosti slovenskej fotografie
|c [autor] (msa)
|
| 300 |
|
|
|b Fotogr.
|
| 600 |
1 |
7 |
|a Demuth, Karol,
|d 1937-
|2 snkbucl
|9 1634853
|
| 655 |
|
7 |
|a články z novín a časopisov
|2 snkbucl
|9 267496
|
| 773 |
0 |
|
|t Fototip
|g Roč. 7, č. 2 (2000), s. 18-20
|x 1335-0773
|
| 850 |
|
|
|a Slovenská národná knižnica
|
| 852 |
|
|
|a Slovenská národná knižnica
|
| 954 |
|
|
|a odborná, vedecká literatúra pôvodná (slovenská)
|2 lita
|
| 958 |
|
|
|a article27
|
| 958 |
|
|
|a SK
|
| 958 |
|
|
|a OND
|
| 958 |
|
|
|a EUIPO
|
| 999 |
|
|
|c 2882313
|d 2884243
|